Billie Eilish - Statistiques

Statistiques générales
  • Ce quiz a été pris 694 fois
  • Le résultat moyen est 31 sur 50
Statistiques - réponses
Hint Réponse % Correct
Comment s'appelle son frère connu pour être son producteur et avec qui elle co-compose ses chansons ? Finneas O'Connell
95%
Album sortie en 2024 Hit Me Hard And Soft
93%
Album sortie en 2021 Happier Than Ever
91%
Avec quel morceau normalement destiné pour le groupe de son frère, Billie Eilish rencontre-t-elle son premier succès en 2015 à seulement 13 ans ? Ocean Eyes
87%
Album sortie en 2019 When We All Fall Asleep, Where Do We Go?
84%
Finit le titre de cette chanson : "L'AMOUR DE MA..." Vie
82%
Finit le titre de cette chanson : "I love..." You
81%
Finit le titre de cette chanson : "My Strange..." Addiction
80%
Finit le titre de cette chanson : "Therefore I..." Am
80%
Comment s'appelle l'EP sortie en 2017 où on y retrouve "bellyache" ou encore "idontwannabeyouanymore" ? Don't Smile at Me
80%
Finit le titre de cette chanson : "Billie Bossa..." Nova
80%
Pour quelle série, Billie Eilish a-t-elle composé avec son frère la chanson en "Bored" en 2017 ? 13 Reasons Why
79%
Finit le titre de cette chanson : "Listen Before I..." Go
79%
Finit le titre de cette chanson : "When the Party's..." Over
77%
Finit le titre de cette chanson : "Male..." Fantasy
76%
Finit le titre de cette chanson : "Getting..." Older
76%
Finit le titre de cette chanson : "Halley's..." Comet
75%
Finit le titre de cette chanson : "Bury a..." Friend
75%
Finit le titre de cette chanson : "All the Good Girls Go to..." Hell
75%
Finit le titre de cette chanson : "I Didn't Change My..." Number
75%
Finit le titre de cette chanson : "Everything I..." Wanted
74%
Comment s'appelle la chanson que Billie Eilish a composé pour le film Barbie en 2023 et obtiendra en 2024 un Golden Globe pour la meilleure chanson originale ? What Was I Made For?
74%
Finit le titre de cette chanson : "Six Feet..." Under
73%
Finit le titre de cette chanson : "Lost..." Cause
72%
Finit le titre de cette chanson : "Everybody..." Dies
72%
Finit le titre de cette chanson : "Wish You Were..." Gay
72%
Cite-moi une chanson où son titre commence par le mot "the" pas cité dans ce quiz : The Diner/The Greatest/The 30th
70%
Cite-moi une chanson présente dans un des trois principaux albums pas citée dans ce quiz : !!!!!!!/xanny/8/ilomilo/goodbye/Oxytocin/Goldwing/OverHeated/NDA/Skinny/Lunch/Chihiro/Wildflower/Bittersuite/Blue
70%
Finit le titre de cette chanson : "Bitches Broken..." Hearts
68%
Pour quel film de 2020, Billie Eilish a-t-elle fait la bande originale avec la chanson "No Time to Die" ? 007 : Mourir peut attendre
67%
Finit le titre de cette chanson : "Party..." Favor
67%
Quelle chanson de son premier album compte le plus de vues sur YouTube avec 1,2 milliards de vues ? Bad Guy
66%
Finit le titre de cette chanson : "Come Out and..." Play
66%
Avec qui Billie Eilish interprète-t-elle le titre "Guess" ? Charli xcx
65%
Quelle chanson a-t-elle chanté pour la cérémonie de clôture des Jeux olympiques d'été de 2024 ? Birds of a Feather
61%
Avec qui Billie Eilish interprète-t-elle le titre "lovely" ? Khalid
60%
Finit le titre de cette chanson : "When I Was..." Older
59%
Cite-moi une chanson où son titre commence par le mot "my" pas cité dans ce quiz : My future/My boy/MyBoi
56%
Finit le titre de cette chanson : "Not My..." Responsibility
55%
Comment s'appelle le logo que Billie Eilish a créé représentant un bonhomme vert présent régulièrement sur ses posters et sur la plupart des produits dérivés ? Blohsh
51%
Grâce à quel clip d'une chanson de la chanteuse norvégienne Aurora en 2015, Billie Eilish décide-t-elle de faire de la musique ? Runaway
41%
Pour quelle série, Billie Eilish a-t-elle enregistré la chanson "Lo Vas a Olvidar" avec Rosalía en 2021 ? Euphoria
38%
Quelle chanson de son deuxième album est sortie en première en 2021 ? Your Power
22%
Avec qui Billie Eilish interprète-t-elle le titre "&burn" ? Vince Staples
21%
Quelle chanson de son premier album est sortie en première en 2018 ? You Should See Me in a Crown
21%
Quelle chanson de Michael Jackson a été reprise par Billie Eilish en version acoustique en 2018 ? Bad
18%
Comment s'appelle sa tournée en 2018 où le nom fait référence des paroles dans la chanson "bellyache" ? Wheres My Mind Tour
11%
Quelle chanson des Beatles, Billie Eilish a t-elle interprété à la 92e cérémonie des Oscars en hommage à Kobe Bryant et à tous les artistes disparus pendant l'année écoulée ? Yesterday
10%
Comment s'intitule la radio personnelle sur Apple Music que Billie Eilish et son frère • organisaient, où des sujets variées comme leur vie privée et une sélection musicale étaient proposés ? Groupies Have Feelings Too
4%
Pour le magazine de quel pays, Billie Eilish fait-elle pour la première fois la couverture en 2017 ? Nouvelle-Zélande
4%
Aucun quiz correspondant
Distribution des résultats
% des personnes avec chaque résultat
Percentile par nombre de réponses
Votre historique - résultats
Vous n’avez pas pris ce quiz